| 000 | 00621nam a2200169Ia 4500 | ||
|---|---|---|---|
| 008 | 090201s9999 xx 000 0 und d | ||
| 010 | _aKPL-71301 | ||
| 040 | _bमराठी | ||
| 041 | _aमराठी | ||
| 082 |
_a49482 _b71301 |
||
| 100 | _aनरेंद्र जाधव | ||
| 245 |
_aआमचा बाप अन् आम्ही ( रामबाग ) _cनरेंद्र जाधव |
||
| 260 |
_c2006 _bग्रंथाली प्रकाशन |
||
| 300 |
_a270 _bमध्यम |
||
| 600 | _aआमचा बाप अन् आम्ही ( रामबाग ) | ||
| 942 | _cBOOK | ||
| 999 |
_c246039 _d246039 |
||